| 000 | 00382nam a2200109Ia 4500 | ||
|---|---|---|---|
| 008 | 171211s9999 xx 000 0 und d | ||
| 245 | 4 | _aThe Complete Guide to Eco-Friendly House Cleaning: Everything You Need to Know Explained Simply | |
| 245 | _cAnne Kocsis and Charlotte Peyraud | ||
| 260 | _c2010 | ||
| 650 | _xArchitecture | ||
| 856 | _uhttp://down.ebook777.com/060/1601383665.pdf | ||
| 999 |
_c350034 _d350034 |
||